La derrota de la civilizacion (Registro nro. 66659)

Detalles MARC
001 - NÚMERO DE CONTROL
campo de control 133608
005 - FECHA Y HORA DE LA ÚLTIMA TRANSACCIÓN
campo de control 20260506072648.0
008 - DATOS DE LONGITUD FIJA--INFORMACIÓN GENERAL
campo de control de longitud fija 970723s1921 spa
035 ## - NÚMERO DE CONTROL DEL SISTEMA
Número de control de sistema 133608
035 ## - NÚMERO DE CONTROL DEL SISTEMA
Número de control de sistema (OCoLC)777974627
040 ## - FUENTE DE LA CATALOGACIÓN
Centro/agencia transcriptor comduadb
041 ## - CÓDIGO DE LENGUA
Código de lengua del texto/banda sonora o título independiente spa
082 #4 - NÚMERO DE LA CLASIFICACIÓN DECIMAL DEWEY
Número de clasificación 940
100 10 - ENTRADA PRINCIPAL--NOMBRE DE PERSONA
Nombre de persona Reparaz, Gonzalo de
Código de función aut
Término indicativo de función/relación Autor/a
9 (RLIN) 312792
245 10 - MENCIÓN DE TÍTULO
Título La derrota de la civilizacion
260 ## - PUBLICACIÓN, DISTRIBUCIÓN, ETC.
Lugar de publicación, distribución, etc. Barcelona :
Nombre del editor, distribuidor, etc. Minerva,
Fecha de publicación, distribución, etc. 1921.
300 ## - DESCRIPCIÓN FÍSICA
Extensión 311 páginas
650 ## - PUNTO DE ACCESO ADICIONAL DE MATERIA--TÉRMINO DE MATERIA
Término de materia o nombre geográfico como elemento de entrada Europa
9 (RLIN) 5352
942 ## - ELEMENTOS DE ENTRADA AGREGADA (KOHA)
Tipo de ítem Koha Libros
Existencias
Estado de retiro Estado de pérdida Estado dañado No para préstamo Código de colección Localización permanente Ubicación/localización actual Fecha de adquisición Número de inventario Total de préstamos Signatura topográfica completa Código de barras Fecha visto por última vez Número de copia Precio válido a partir de Tipo de ítem Koha
        Colección Patrimonio Documental. Piso 4 Biblioteca Carlos Gaviria Díaz, Campus Medellín Biblioteca Carlos Gaviria Díaz, Campus Medellín 26/05/1998 C189861   940 R425d 61000002402556 21/04/2023 1 21/04/2023 Libros - Reserva